| 000 | 00955cab a2200265 4500 | ||
|---|---|---|---|
| 001 | ABS52774 | ||
| 008 | 090401t1995 xxu||||| |||| 00| 0 eng d | ||
| 035 | _a(Sirsi) u42 | ||
| 041 | _aeng | ||
| 100 | _aDobson, N. | ||
| 245 | _aWriting that has come off the wall | ||
| 260 | _c1995 | ||
| 350 | _a0 | ||
| 490 |
_aMunicipal Journal _v(14) 7 April 1995, 26-27(2) |
||
| 520 | _aComments on the latest DoE guidance on CCT for legal and construction and property services. The guidance covers the calculation of the specified portion of these services to be subject to CCT, the avoidance of anti- competitive behaviour and an indicative timetable. | ||
| 650 | _aCCT | ||
| 650 | _aCOMPULSORY COMPETITIVE TENDERING | ||
| 650 | _aLEGAL SERVICES | ||
| 650 | _aLOCAL AUTHORITIES | ||
| 650 | _aPROFESSIONAL SERVICES | ||
| 650 | _aPROPERTY SERVICES | ||
| 690 | _aMANAGEMENT-BUSINESS MANAGEMENT-PROFESSIONAL PRACTICE | ||
| 942 | _n0 | ||
| 948 | _c04/03/1997 | ||
| 999 |
_c17 _d17 |
||